| 000 | 00385nam a2200145Ia 4500 | ||
|---|---|---|---|
| 008 | 150201s2014 xx 000 0 und d | ||
| 082 |
_a610.72 _bR14K |
||
| 100 | _aKOTHARI, CR. | ||
| 245 | _aRESEARCH METHODOLOGY : METHODS & TECHNIQUES | ||
| 250 | _a3RD | ||
| 260 |
_bNEW AGE INTERNATIONAL PUB. _aDELHI _c2014 |
||
| 300 | _a1-445 | ||
| 650 | _aCOMMUNITY MEDICINE | ||
| 942 |
_2ddc _cBK _044 |
||
| 999 |
_c1625 _d1625 |
||